Villes du Monde en Port - Statistiques

Statistiques générales
  • Ce quiz a été pris 384 fois
    381 depuis la dernière actualisation
  • Le résultat moyen est 8 sur 20
Statistiques - réponses
Hint Réponse % Correct
Grande ville portugaise, située dans le Nord du pays Porto
93%
Capitale d'un pays d'Océanie, un temps colonisé par l'Allemagne Port Moresby
72%
Capitale de la première colonie française à s'être émancipée Port-au-Prince
70%
Autre capitale africaine, mais celle d'un pays insulaire Port Louis
65%
Ville corse qui donne son nom à une chanson de Julien Doré Porto Vecchio
65%
Capitale d'un pays d'Afrique de l'Ouest, ancienne colonie française Porto Novo
58%
Capitale d'un pays des Petites Caraïbes Port-d'Espagne
55%
Grande ville de l'Oregon, qui n'en est pourtant pas la capitale Portland
54%
Autre capitale d'un archipel d'Océanie, ancienne colonie française ET anglaise Port-Vila
52%
Ville égyptienne ouverte sur le Canal de Suez Port-Saïd
46%
Ville canadienne portant le même nom qu'un grand amiral anglais Port-Nelson
34%
Ville sud-africaine d'environ un million d'habitants, aussi appelée Die Baai et Gqeberha iBhayi Port Elizabeth
30%
Grande ville d'Afrique de l'Est qui comporte le nom du pays dans lequel elle se trouve Port-Soudan
28%
Ville varoise existant aussi sans le -port, située dans le golfe de Saint-Tropez Port Grimaud
17%
Ville des Pyrénées-Orientales, coincée entre Collioure et Banyuls-sur-Mer Port-Vendres
17%
Ville frontalière espagnole, à côté de Cerbère, où se suicida Walter Benjamin Portbou
15%
Ville du Gabon, la devise est "Olim arena, hodie, urbs", une plage avant, une ville aujourd'hui Port-Gentil
15%
Ville portugaise de 65 000 habitants dans l'Algarve, connue pour son circuit automobile Portimão
15%
Capitale du territoire britanniques des Iles Malouines/ Falkland Port-Stanley
13%
Autre grande ville portugaise, capitale de district, située dans la région historique de l'Alentejo Portalegre
5%
Aucun quiz correspondant
Distribution des résultats
% des personnes avec chaque résultat
Percentile par nombre de réponses
Votre historique - résultats
Vous n’avez pas pris ce quiz depuis la dernière actualisation